|
|
|
|
| LEADER |
00880cam a2200229 7i4500 |
| 001 |
0000076801 |
| 005 |
20230329090000.0 |
| 020 |
|
|
|a 9781098130923 (electronic book)
|
| 090 |
0 |
0 |
|a QA76.8.R15
|b M66 2022
|
| 100 |
1 |
|
|a Monk, Simon
|
| 245 |
1 |
0 |
|a Raspberry Pi cookbook :
|b software and hardware problems and solutions
|c Simon Monk.
|
| 264 |
|
|
|a Sebastopol, CA:
|b O'Reilly Media, Inc.,
|c 2022.
|
| 300 |
|
|
|a 1 online resource (1 volume):
|b illustrations, text file, PDF.
|
| 336 |
|
|
|a text
|2 rdacontent
|
| 337 |
|
|
|a computer
|2 rdamedia
|
| 338 |
|
|
|a online resource
|2 rdacarrier
|
| 650 |
|
0 |
|a Raspberry Pi (Computer)
|
| 655 |
|
0 |
|a Electronic books
|
| 856 |
4 |
2 |
|u http://library.unisel.edu.my/web/guest/mylibrary
|
| 997 |
|
|
|a Communication, Visual Art & Computing, Faculty
|b Computing, Department
|
| 998 |
|
|
|a Computer Science, Degree
|
| 999 |
|
|
|a EBO0019664
|b EBOOK
|c EBOOK
|e Electronic resources
|